Score 0/16 Timer 01:30
7 Plays Today
% Correct
Pat the Patriot
89.1%
The Raptor
89.1%
San Diego Chicken
87.7%
Mr. Met
87.2%
Wally the Green Monster
85.2%
Jazz Bear
83.5%
Phillie Phanatic
81.5%
K.C. Wolf
81%
% Correct
Jaxson De Ville
67.2%
Benny
63.5%
Homer
60.9%
Rowdy
58.4%
The Bird
56.2%
Sourdough Sam
54.3%
Youppi!
48.6%
Burnie
48%
Remove Ads.
Support Sporcle.
Get the best of Sporcle when you Go Orange. This ad-free experience offers more features, more stats, and more fun while also helping to support Sporcle. Thank you for becoming a member.

You're not logged in!

Compare scores with friends on all Sporcle quizzes.
OR
Log In

Show Comments

Extras

Top Quizzes Today


Score Distribution

Your Account Isn't Verified!

In order to create a playlist on Sporcle, you need to verify the email address you used during registration. Go to your Sporcle Settings to finish the process.

Report this User

Report this user for behavior that violates our Community Guidelines.

Details: